| 000 | 00559nam a22001817a 4500 | ||
|---|---|---|---|
| 005 | 20251108164703.0 | ||
| 008 | 250721s1998 xx 000 0 ara d | ||
| 082 | 1 | 4 | _a811.909563/فتو |
| 100 | 1 |
_aالحسيني، هادي _eتحرير |
|
| 245 | 1 | 0 |
_aفتوحات البياتي : _bالمعروف بنور الشعر و مرآته / |
| 264 | 1 |
_aدمشق : _bدار الجندي، _c1998. |
|
| 300 | _a282ص | ||
| 650 | 1 | 7 | _aالنقد الأدبي |
| 650 | 1 | 7 | _aالشعر العربي |
| 650 | 1 | 7 | _aالعراق |
| 942 |
_2ddc _cBK |
||
| 999 |
_c11861 _d11861 |
||